Logo BPK

Biblioteka

Politechniki Koszalińskiej

The Conduct of American Foreign Policy Debated / (Rekord nr 47682)

Szczegóły MARC
000 -ETYKIETA REKORDU
podpole kontrolne o stałej długości 00676nam a2200205 i 4500
001 - NUMER KONTROLNY REKORDU
pole kontrolne bgj
020 ## - MIĘDZYNARODOWY ZNORMALIZOWANY NUMER KSIĄŻKI - ISBN
ISBN 0070374899
040 ## - ŹRÓDŁO KATALOGOWANIA
Instytucja, która utworzyła rekord BPK
041 0# - KOD JĘZYKA
Kod języka tekstu eng
920 ## - Międzynarodowy znormalizowany numer książki – ISBN
ISBN 0-07-037489-9
008 - POLE O STAŁEJ DŁUGOŚCI - DANE KONTROLNE
podpole kontrolne o stałej długości s uk f |000 0 eng
100 1# - NAZWA OSOBOWA
Nazwa osobowa LEVINE, Herbert M.
245 10 - TYTUŁ/ODPOWIEDZIALNOŚĆ
Tytuł The Conduct of American Foreign Policy Debated /
Pozostałe elementy strefy tytułu i oznaczenia odpowiedzialności Herbert M. Levine and Jean Edward Smith.
260 ## - STREFA ADRESU WYDAWNICZEGO
Miejsce wydania New York [etc.] :
Nazwa wydawcy/dystrybutora McGraw-Hill Publishing Company,
Data publikacji, dystrybucji/powstania dokumentu c. 1990.
650 #9 - HASŁO PRZEDMIOTOWE W FORMIE NAZWY OGÓLNEJ LUB JEDNOSTKOWEJ
Nazwa ogólna lub geograficzna Treaty-making power
Określnik geograficzny United States
651 #9 - HASŁO PRZEDMIOTOWE W FORMIE NAZWY GEOGRAFICZNEJ
Nazwa geograficzna United States
Określnik ogólny Foreign relations
Określnik chronologiczny 1945
651 #9 - HASŁO PRZEDMIOTOWE W FORMIE NAZWY GEOGRAFICZNEJ
Nazwa geograficzna United States
Określnik ogólny Foreign relations administration
700 1# - HASŁO DODATKOWE - NAZWA OSOBOWA
Nazwa osobowa SMITH, Jean Edward.
Określenie związku między hasłem a opisywanym materiałem co-author
856 ## - LOKALIZACJA I DOSTĘP DO ELEKTRONICZNYCH DOKUMENTÓW ZDALNYCH
Link (URL) http://koha.tu.koszalin.pl/cgi-bin/koha/opac-detail.pl?biblionumber=47682
Tekst linku Katalog online BPK
942 ## - DODATKOWE ELEMENTY (KOHA)
Typ dokumentu Książka
Egzemplarze
Wycofany Status egzemplarza Uszkodzony Dostępność Lokalizacja stała Lokalizacja bieżąca Miejsce przechowywania Sygnatura Kod kreskowy Typ dokumentu
      Dostępny Biblioteka Politechniki Koszalińskiej Biblioteka Politechniki Koszalińskiej Wypożyczalnia Językowa KA 4215 09012530 Książka
      Dostępny Biblioteka Politechniki Koszalińskiej Biblioteka Politechniki Koszalińskiej Wypożyczalnia Językowa KA 4292 09012547 Książka
      Dostępny Biblioteka Politechniki Koszalińskiej Biblioteka Politechniki Koszalińskiej Wypożyczalnia Językowa KA 4293 09055704 Książka
© 2023 Biblioteka Politechniki Koszalińskiej :: KOHA